Statistiques concernant Sportifs de légende

Cliquez ici pour prendre le quiz!

Statistiques générales

  • Ce quiz a été pris 343 fois
  • Le résultat moyen est 11 sur 20

Statistiques - réponses

Réponse% Correct
Pelé
97%
Usain bolt
96%
Michael Jordan
93%
Serena Williams
91%
Teddy Riner
90%
tiger woods
86%
Michael Schumacher
85%
Nikola Karabatic
85%
Laure Manaudou
80%
Martin Fourcade
78%
Jonny Wilkinson
46%
Pierluigi Collina
40%
Perrine Lafont
29%
Florence Arthaud
28%
Nadia Comăneci
24%
Marcel Hirscher
16%
Annemiek Van Vleuten
9%
Shelly-Ann Fraser-Pryce
8%
Anita Włodarczyk
3%
Sérgio Santos
1%

Distribution des résultats

Percentile par nombre de réponses

% des personnes avec chaque résultat

Votre développement - résultats

Vous n’avez pas pris ce quiz